000 00607nam a22002057a 4500
003 OSt
005 20260423060120.0
008 260421b |||||||| |||| 00| 0 eng d
020 _a0-07-005717-6
040 _aDWC-Main lib.
_cOC
082 _aCirc. 512.1 B259p 2000
100 _aBarnett, Raymond A.
245 _aPrecalculus :
_ba graphing approach/
_cRaymond A. Barnett
260 _aBoston :
_bMcGraw-Hill,
_cc2000.
300 _axxxii, 839 p. ;
_c26 cm.
504 _aIncludes index.
650 _a1. Algebra - graphic methods.
650 _a2. Functions.
942 _2ddc
_cBK-CIRC
_hCirc.
_n0
999 _c9621
_d9621